El último judío

Saved in:
Bibliographic Details
Main Author: Gordon, Noah (Author)
Format: Book
Language:Spanish
Published: Buenos Aires Ediciones B 2004
Edition:1a. ed
Subjects:
Tags: Add Tag
No Tags, Be the first to tag this record!

MARC

LEADER 00000cam a2200000 a 4500
001 UCC1118
003 CL-VaPUC
008 170929e20040000ag |||||||||||||||||spa|d
020 |a 9788466616179 
082 0 4 |a 813  |b GOR  |2 21 
100 |a Gordon, Noah  |e author  |9 595159 
245 1 3 |a El último judío 
250 |a 1a. ed 
300 |a 588 p 
942 |c BK 
945 |d 20170929 13:43:00  |a dcastane 
260 |a Buenos Aires  |b Ediciones B  |c 2004 
650 0 |a Novelas estadounidenses  |9 265217 
650 0 |a Literatura estadounidense  |9 317168 
583 |a last modification  |c 20170929 13:43:00  |k Rodrigo Vera 
999 |c 369698  |d 369696 
952 |0 0  |1 0  |3 erb  |4 0  |6 813_000000000000000_GOR_2004  |7 0  |8 A  |9 485679  |a BIBGIM  |b BIBGIM  |i 5426847  |l 2  |o 813 GOR 2004  |p 5426847  |r 2025-01-15  |s 2022-05-19  |w 2019-11-24  |y BK  |z Catalogado en:20170929  |k GIM